LIBRARY ONLINE CATALOGUE

Statistics for the behavioral sciences / (Record no. 4627)

MARC details
000 -LEADER
fixed length control field 00765nam a22002292 4500
001 - CONTROL NUMBER
control field 0000025169
005 - DATE AND TIME OF LATEST TRANSACTION
control field 20151217145952.0
008 - FIXED-LENGTH DATA ELEMENTS--GENERAL INFORMATION
fixed length control field 150210s xx 000 0 eng d
020 ## - INTERNATIONAL STANDARD BOOK NUMBER
International Standard Book Number 1111839550 :
040 ## - CATALOGING SOURCE
Original cataloging agency KABU
Transcribing agency KABU
100 1# - MAIN ENTRY--PERSONAL NAME
Personal name Gravetter, Frederick J.
-- 0000185624
245 10 - TITLE STATEMENT
Title Statistics for the behavioral sciences /
Statement of responsibility, etc. Frederick J Gravetter, Larry B. Wallnau.
250 ## - EDITION STATEMENT
Edition statement 9th ed.
260 ## - PUBLICATION, DISTRIBUTION, ETC. (IMPRINT)
Place of publication, distribution, etc. Australia :
Name of publisher, distributor, etc. Wadsworth, Cengage,
Date of publication, distribution, etc. 2013.
300 ## - PHYSICAL DESCRIPTION
Extent xxi, 767 p.
650 #0 - SUBJECT ADDED ENTRY--TOPICAL TERM
Topical term or geographic name as entry element Social sciences
General subdivision Statistical methods.
-- 0000148274
650 #0 - SUBJECT ADDED ENTRY--TOPICAL TERM
Topical term or geographic name as entry element Statistics
General subdivision Problems, exercises, etc.
-- 0000160930
700 1# - ADDED ENTRY--PERSONAL NAME
Personal name Wallnau, Larry B.
-- 0000185625
852 1# - LOCATION
-- p23548 KES
908 ## - PUT COMMAND PARAMETER (RLIN)
Put command parameter 150210
950 ## - LOCAL HOLDINGS (RLIN)
-- 1
Holdings
Withdrawn status Lost status Source of classification or shelving scheme Not for loan Home library Current library Date acquired Total Checkouts Full call number Barcode Date last seen Date last checked out Price effective from Koha item type
    Library of Congress Classification   Kabarak, Main Campus Kabarak, Main Campus 17/12/2015 1 HA29 .G73 2013 c. 1 017300 02/08/2024 08/06/2017 17/12/2015 General Collection